Avrupa Birliği ve Türkiye'nin çevre politikalarının karşılaştırmalı incelemesi (Record no. 6357)

MARC details
000 -BAŞLIK
Sabit Uzunlukta Kontrol Alanı 00647na a2200217 4500
001 - KONTROL NUMARASI
Denetim Alanı 20142
003 - KONTROL NUMARASI IDENTIFIER
Denetim Alanı MIRAKIL
005 - SON İŞLEM TARİHİ VE ZAMANI
Denetim Alanı 20181213155105.0
008 - SABİT-BOY VERİ ELEMANLARI - GENEL BİLGİLER
Sabit Uzunlukta Kontrol Alanı 170104b tu 000 0
040 ## - KATALOGLAMA KAYNAK
Orijinal Kataloglama Ajansı Milas
Kataloglama Dili tur
Metne Dönüştürmek Ajansı TR-AnCHP
041 ## - DİL KODU
Metin / Ses Parça Veya Ayrı Başlığın Dil Kodu tur
082 ## - DEWEY ONLU SINIFLANDIRMA NUMARASI
Sınıflandırma Numarası 363.709561
Ürün Numarası A86 1998
090 ## - SINIFLAMA NUMARASI
Sınıflama Numarası 363.709561 A86 1998
245 ## - BAŞLIK TABLOSU
Başlık Avrupa Birliği ve Türkiye'nin çevre politikalarının karşılaştırmalı incelemesi
Sorumluluk Tablosu, Vb İktisadi Kalkınma Vakfı
260 ## - YAYIN, DAĞITIM, VB
Yayın, Dağıtım, Vb Yeri İstanbul
Yayıncı, Dağıtıcı, Vs Adı İKV
Yayın, Dağıtım, Vb Tarihi 1998
300 ## - FİZİKSEL TANIM
Kapsam 113 s.
Diğer Fiziksel Ayrıntıları tbl.
Boyutlar 30 sm.
490 ## - SERİSİ TABLOSU
Seri Beyanı İKV
Hacim / Ardışık Tanımı 153
650 ## - KONU KATMA GİRİŞ - TOPİKAL DÖNEM
Topikal Süreli Veya Coğrafi Ad Giriş Elemanı Avrupa Birliği
Genel Alt Bölümü Çevre politikaları
Coğrafi Alt Bölümü Türkiye
710 ## - KATMA GİRİŞ - KURUMSAL ADI
Giriş Elemanı Olarak Kurumsal Ad Veya Yargı Alanı Adı İKV
942 ## - EKLENDİ GİRİŞ ELEMANLARI (KOHA)
Sınıflandırma Veya Raf Düzeni Kaynak
Koha Öğesi Türü Books
999 ## - SİSTEM KONTROL NUMARALARI (KOHA)
Koha Biblionumber 6357
Koha Biblioitemnumber 6357
Holdings
Kalıcı Konum Mevcut Konum Edinme Tarihi Edinim Kaynak Toplam Check-Out'Lar Tam Çağrı Numarası Barkod Tarih Son Görülme İtibaren Geçerli Fiyatlar Koha Öğesi Türü
CHP Kütüphanesi CHP Kütüphanesi 01/04/2017 Bağış   363.709561 A86 1998 010496 01/04/2017 01/04/2017 Books